Online aplikácia pre rezerváciu tenisových kurtov
Na minha lista:
| Autor principal: | |
|---|---|
| Outros Autores: | |
| Formato: | Manuscrito Livro |
| Idioma: | eslovaco |
| Publicado em: |
2022
|
| Assuntos: | |
| Acesso em linha: | http://is.stuba.sk/zp/portal_zp.pl?podrobnosti=164143 |
| Tags: |
Sem tags, seja o primeiro a adicionar uma tag!
|
MARC
| LEADER | 00000ntm a22000003a 4500 | ||
|---|---|---|---|
| 001 | stuzp88988 | ||
| 003 | SK-STU | ||
| 005 | 20220611211636.2 | ||
| 007 | ta | ||
| 008 | 150427s2015----xo-----f-mn---000-0-slo-d | ||
| 040 | |a STU |b slo | ||
| 041 | 0 | |a slo | |
| 100 | 1 | |a Haríň, Adam |u 066000 |k Z4 |4 aut |U MTF Materiálovotechnologická fakulta |T MTF Ústav aplikovanej informatiky, automatizácie a mechatroniky |X 91685 |U M6000 |Y 86 |7 91685 | |
| 242 | 0 | 1 | |a Online application for reservation of tennis courts |y eng |
| 245 | 1 | 0 | |a Online aplikácia pre rezerváciu tenisových kurtov |
| 260 | |c 2022 | ||
| 650 | 4 | |a Informačný systém |2 slo | |
| 650 | 4 | |a C# |2 slo | |
| 650 | 4 | |a .NET 5 |2 slo | |
| 650 | 4 | |a Entity Framework Core |2 slo | |
| 650 | 4 | |a HTML |2 slo | |
| 650 | 4 | |a CSS |2 slo | |
| 650 | 4 | |a TypeScript |2 slo | |
| 650 | 4 | |a React.js |2 slo | |
| 650 | 4 | |a C# |2 eng | |
| 650 | 4 | |a .NET 5 |2 eng | |
| 650 | 4 | |a Entity Framework Core |2 eng | |
| 650 | 4 | |a HTML |2 eng | |
| 650 | 4 | |a CSS |2 eng | |
| 650 | 4 | |a Information system |2 eng | |
| 650 | 4 | |a TypeScript |2 eng | |
| 650 | 4 | |a React.js |2 eng | |
| 700 | 1 | |a Križanová, Gabriela |u 066000 |k Z2 |4 ths |U MTF Materiálovotechnologická fakulta |T MTF Ústav aplikovanej informatiky, automatizácie a mechatroniky |X 2791 |U M6000 |Y 86 |7 A000002791 | |
| 856 | 4 | |u http://is.stuba.sk/zp/portal_zp.pl?podrobnosti=164143 | |
| 996 | |c M* DP-14890 |l MMSKP |s P |a 0 |w stuzp88988_0001 | ||